guess the lyrics - twenty one pilots #3 - Statistics

General Stats
  • This quiz has been taken 81 times
  • The average score is 14 of 20
Answer Stats
lyriecs song % Correct
I can take the high road, but I know that I'm going low Bandito
87%
When darkness rolls on you, push on through Oldies Station
87%
I don't wanna go like this, at least let me clean my room Redecorate
84%
I'm never what I like, I'm double sided Semi-Automatic
84%
Stay alive, stay alive for me Truce
84%
Thanks for asking, in a way, but accidentally uncovered a new one yesterday Backslide
77%
We're surrounded, and we're hounded, there's no 'above, ' or 'under, ' or 'around' it Morph
74%
Don't circle the tracks, take what you have Shy Away
74%
Come down, come down, cowards only come through when the hour's late and everyone's asleep, mind you Levitate
73%
Won't you stay alive? I'll take you on a ride Lovely
69%
A loser hides behind a mask of my disguise Message Man
69%
I try desperately to run through the sand Addict With a Pen
68%
Oh it's you, well welcome back to the show Snap Back
63%
Tore the curtains down, windows open, now make a sound Not Today
60%
You're an angel fallen down, won't you tell us of the clouds Ruby
60%
He pretends he's okay, but you should see Trapdoor
60%
We find our worth in giving birth and stuff Isle of Flightless Birds
58%
Would you let me know your plans tonight 'cause I just won't let go 'til we both see the light Friend, Please
53%
And I walk through my door, just so I don't fall through the floor Slowtown
45%
Clearly, I am dying, tearily I am writing Be Concerned
31%
No matching quizzes found
Score Distribution
Percent of People with Each Score
Percentile by Number Answered
Your Score History
You have not taken this quiz